[Event "EU-ch 20th"]
[Site "Skopje"]
[Date "2019.03.25"]
[Round "7"]
[White "Predke, Alexandr"]
[Black "Grandelius, Nils"]
[Result "0-1"]
[WhiteElo "2611"]
[BlackElo "2694"]
[Annotator "Krasenkow,M"]
[PlyCount "88"]
[EventDate "2019.03.18"]
[EventType "swiss"]
[EventRounds "11"]
[EventCountry "MKD"]
[Tiebreak "Sum of Buchholz"]
[SourceTitle "CBM 189"]
[Source "ChessBase"]
[SourceDate "2019.04.29"]
[SourceVersion "1"]
[SourceVersionDate "2019.04.29"]
[SourceQuality "1"]

{[%evp 0,88,19,31,14,30,45,35,12,5,1,1,4,-2,59,30,19,14,59,25,21,-15,20,21,74,
73,78,78,155,157,124,118,95,90,97,89,59,109,75,22,0,-66,-72,-77,-62,-70,-77,
-82,-73,-74,-88,-101,-93,-79,-67,-72,-80,-98,-76,-67,-67,-67,-77,-77,-77,-77,
-77,-92,-124,-124,-89,-212,-58,-202,-225,-238,-238,-265,-280,-291,-287,-288,
-302,-354,-355,-401,-378,-512,-557,-558,-589]} 1. d4 Nf6 2. Nf3 g6 3. g3 d5 4.
c4 dxc4 5. Bg2 Bg7 6. Na3 c3 7. bxc3 O-O 8. O-O c5 9. Re1 Nc6 {This line was
examined in CBM 184, annotations to Mamedyarov-Grischuk.} 10. Bb2 (10. e4 cxd4
(10... Bg4 $5 11. Bb2 Ne8 {is probably more appropriate, e.g.} 12. Nc2 (12. e5
Nc7 13. h3 Bf5 $13 {0-1 (89) Saeed,I (2428)-Tomczak,J (2596) Warsaw 2017})
12... Nd6 (12... Rc8 $5) 13. Qd3 Qa5 14. Ne3 Bxf3 15. Bxf3 cxd4 16. cxd4 Qb5
$11 {1-0 (48) Vrolijk,L (2445)-Howell,D (2697) Muelheim 2019}) 11. cxd4 Bg4 {
was tested in another European Championship game:} 12. Bb2 Nd7 13. Rb1 (13. Nc2
Nb6 14. Rb1 {0-1 (66) Stefanova,A (2522)-Muzychuk,M (2526) Sochi 2015} Rc8 $11)
13... Nb6 14. d5 Bxb2 15. Rxb2 Ne5 16. Qb3 Bxf3 17. Bxf3 Na4 (17... Nxf3+ 18.
Qxf3 Rc8 19. h4 Qd6 20. Kg2 Qe5 21. Qe2 f5 22. exf5 Qxd5+ 23. Qe4 Rxf5 24.
Qxd5+ Nxd5 25. Rxb7 $14 {1-0 (74) Giri,A (2776)-Grandelius,N (2573) Doha 2014})
18. Rc2 Nxf3+ 19. Qxf3 Rc8 20. Rec1 Rxc2 21. Rxc2 Qd7 22. Nc4 $14 {1-0 (53)
Artemiev,V (2736)-Esipenko,A (2603) Skopje MKD 2019}) 10... Qb6 {Alternatives
seen in recent games:} (10... Bf5 $6 11. d5 $1 Nxd5 12. e4 Bxe4 13. Rxe4 Nxc3
14. Qxd8 Raxd8 {0-1 (73) Dreev,A (2670)-Negi,P (2656) chess.com INT 2019} 15.
Bxc3 Bxc3 16. Rb1 b6 17. Bf1 $14) (10... Nd7 $5 11. Qc2 (11. e4 $5) 11... Nb6
12. Rad1 Bf5 13. e4 Bg4 14. d5 $6 (14. h3 Bxf3 15. Bxf3 cxd4 16. cxd4 Rc8 $132)
14... Ne5 15. Nxe5 Bxd1 16. Rxd1 Bxe5 17. f4 Bg7 18. e5 Qd7 {0-1 (50) Amin,B 
(2709)-Adhiban,B (2683) Astana KAZ 2019 - White's compensation for the
exchange was insufficient.}) (10... cxd4 11. cxd4 Ne4 12. Qc2 Nd6 13. Ne5 Be6
$5 14. e3 (14. Nxc6 bxc6 15. Qxc6 $6 (15. Bxc6 $6 Rb8 $44) 15... Rb8 $44) 14...
Nb4 15. Qd2 a5 16. Bc3 Nd5 17. Bb2 f5 18. Qe2 Nb4 19. Nc2 Bxe5 20. Nxb4 axb4
21. dxe5 Ne4 $11 {1/2 (136) Howell,D (2697)-Naiditsch,A (2736) Germany 2019})
11. Nc4 Qb5 $5 (11... Qa6 {is usually played:} 12. Nce5 (12. Ncd2 Rd8 13. e4
Bg4 14. Qb3 (14. h3 $142 Bxf3 15. Nxf3 Nd7 16. Bf1 Qa5 17. d5 $14 {1/2 (35)
Wen,Y (2618)-Zhao,Y (2195) Shijiazhuang 2015}) 14... e6 15. Bf1 Qb6 16. h3 Bxf3
17. Nxf3 cxd4 18. cxd4 Ne8 19. Rad1 Qxb3 20. axb3 Rac8 $11 {1/2 (31) Haria,R 
(2441)-Howell,D (2696) London 2018}) 12... cxd4 (12... Bf5 13. Nxc6 bxc6 14.
Qc1 Be4 15. Ba3 Nd7 16. Bh3 $14 {1-0 (38) Petrosian,T (2609)-Darini,P (2478)
Sharjah 2018}) 13. Nxc6 (13. cxd4 $142) 13... bxc6 14. Nxd4 $6 Rb8 15. Qc1 Bd7
16. Ba3 Rfe8 17. e4 Ng4 18. Bf1 Qa5 $132 {0-1 (33) Atabayew,S (2434)-Sjugirov,
S (2663) Moscow RUS 2019}) 12. Qb3 Qa6 $1 $146 {[%mdl 8] An interesting new
idea by Nils Grandelius.} (12... Qxb3 13. axb3 {leads to a slightly better
position for White, due to his pawn advantage in the centre, e.g.} Be6 14. Nfd2
(14. e4 $5) 14... cxd4 15. cxd4 Rfd8 16. Bxc6 bxc6 17. Na5 Rdc8 18. Rec1 $14 {
0-1 (64) Krylov,I (2424)-Grigorjev,I (2314) Lipetsk 2018}) 13. e4 (13. Nce5 Nd7
$5 14. Nxc6 bxc6 $132 {[%cal Ya8b8]}) 13... Be6 $1 14. d5 Nxd5 15. exd5 Bxd5 {
[%mdl 512] An unexpected piece sacrifice. Black obtains compensation due to
the awkward position of White's pieces.} 16. Nfd2 $8 Bxg2 17. Kxg2 b5 18. Ne3
Ne5 19. c4 {White tries to free his bishop but that allows Black to regain
material.} Nxc4 20. Ndxc4 $6 (20. Bxg7 $142 Nxd2 21. Qd1 (21. Qb2 Qb7+ 22. Kh3
Rfd8 $17) 21... Qb7+ 22. f3 Nxf3 23. Qxf3 Qxf3+ 24. Kxf3 Kxg7 {This endgame is
hard to evaluate but White is not better in any case.}) 20... bxc4 21. Nxc4
Rab8 22. Qa3 Qb7+ 23. Kg1 Bxb2 24. Nxb2 Qxb2 25. Qxa7 c4 $15 {Black's passed
pawn is clearly stronger than White's.} 26. Qxe7 Rfc8 (26... c3 27. Qe5 $1 (27.
a4 $143 $2 c2)) 27. a4 c3 28. Qf6 (28. Qa3 $5 {trying to simplify the game.})
28... Qb4 29. a5 $6 (29. Re7 $132 Qc4 30. Rc1 Qd5 31. Qe5 $1) (29. Qe7 $5)
29... c2 30. Qf4 Rc4 (30... Qc3 $1 {[%cal Rc3a1]} 31. Kg2 (31. Rac1 Qxa5) (31.
Qc1 Rb5 32. a6 Re5 $1 $17) 31... Rb3 $1 {[%cal Rb3a3]} 32. Qa4 Kg7 $1 33. a6
Rc4 34. Qe8 Ra3 {, and White can't save his a-pawn. Impressive centralization!}
) 31. Qe3 Qb2 32. Qc1 Qc3 33. a6 Rbc8 34. Kg2 R4c7 35. a7 Ra8 36. Qh6 $4 {
Just losing the a7 pawn and subsequently the game.} (36. Qf4 $1 {was the only
way to save the day. If} Kg7 (36... Rcxa7 37. Rxa7 Rxa7 38. Qb8+) (36... Qc6+
37. Qf3 $1 Qxf3+ 38. Kxf3 Raxa7 39. Rxa7 Rxa7 40. Rc1 Rc7 41. Ke3 $11) {then}
37. Rec1 $1 Raxa7 38. Rxa7 Rxa7 39. Rxc2 $1 Qxc2 40. Qd4+ $11) 36... Rcxa7 37.
Rac1 Qc6+ 38. Kg1 Rd7 39. Qe3 Rad8 40. Qb3 Rd2 41. h4 h5 42. Rf1 Qe4 43. Rfe1
Qd4 44. Qf3 Rd3 0-1

[Event "Norway Chess 4th"]
[Site "Stavanger"]
[Date "2016.04.25"]
[Round "6"]
[White "Eljanov, Pavel"]
[Black "Grandelius, Nils"]
[Result "1-0"]
[WhiteElo "2765"]
[BlackElo "2649"]
[Annotator "Krasenkow,M"]
[PlyCount "79"]
[EventDate "2016.04.19"]
[EventType "tourn"]
[EventRounds "9"]
[EventCountry "NOR"]
[EventCategory "21"]
[SourceTitle "CBM 172"]
[Source "ChessBase"]
[SourceDate "2016.05.12"]
[SourceVersion "1"]
[SourceVersionDate "2016.05.12"]
[SourceQuality "1"]

1. Nf3 d5 2. g3 g6 3. Bg2 Bg7 4. d4 Nf6 5. c4 dxc4 6. Na3 c3 7. bxc3 O-O 8. O-O
c5 {A well-known system of the Grünfeld Defence has arisen via a
transposition of moves.} 9. e3 Nc6 10. Bb2 Bf5 11. Nd2 (11. Qe2 {is played
much more often.}) 11... Qc8 $6 $146 {An experimental move, after which White
seizes the centre and obtains an edge. Common continuations (most of them give
Black a good position):} (11... e5 $6 {(but not this one!)} 12. d5 Na5 13. e4
Bd7 14. c4 Ne8 15. Qc2 a6 16. f4 exf4 17. Bxg7 Nxg7 18. gxf4 Qh4 19. Qc3 b6 20.
Nf3 $16 {1-0 (29) Drasko,M (2527)-Atakisi,U (2406) Novi Sad 2009}) (11... cxd4
12. cxd4 Be6 (12... Qd7 13. Nb3 (13. Nac4 Bh3 14. a4 Bxg2 15. Kxg2 Rac8 16. Qf3
Rfd8 17. Rfc1 b6 $11 {1/2 (27) Rashkovsky,N (2523)-Bogdanov,V (2425) Bydgoszcz
2000}) 13... Bh3 14. Nc5 Qc8 15. Rc1 Bxg2 16. Kxg2 b6 17. Nd3 Qd7 18. Nc4 Rfc8
19. Qb3 Ne4 $11 {1/2 (58) Drasko,M (2543)-Jakovljevic,V (2419) Sarajevo 2007})
13. Qe2 (13. Nc2 {1-0 (45) Temirbayev,S (2484)-Krutko,A (2428) Nizhnij Tagil
2007} Rc8 $132) (13. Qa4 {1-0 (31) Drasko,M (2504)-Jakovljevic,V (2436) Teslic
2006} Nd5 $132 {[%cal Yd5b6]}) 13... Rc8 14. Rfd1 Qb6 15. Ndc4 Qa6 16. Bf1 Rfd8
17. f3 {1/2 (17) Drasko,M (2504)-Jankovic,A (2516) Sarajevo 2006}) (11... Be6
12. Nb3 cxd4 13. cxd4 Bd5 14. Re1 Bxg2 15. Kxg2 Ne4 16. Nd2 Nd6 17. Qf3 e5 18.
dxe5 Nxe5 19. Qd5 Nf3 $5 20. Reb1 Nxd2 21. Qxd2 Bxb2 22. Qxb2 Qe7 $11 {1/2 (41)
Korpics,Z (2325)-Horvath,C (2515) Balatonbereny 1992}) (11... Bg4 12. f3 (12.
Qa4 Qd7 13. Qb5 (13. Rfe1 a6 14. Bxc6 bxc6 15. Nac4 Qf5 16. Qxc6 Rfc8 17. Qa4
Ne4 $40 {0-1 (33) Radulov,I (2288)-Cheparinov,I (2669) Albena 2011}) 13... cxd4
14. cxd4 Bh3 15. Rfc1 Bxg2 16. Kxg2 a6 17. Qc5 Rfc8 18. Nac4 Nd8 $13 19. Nb6 $4
Rxc5 20. Rxc5 {1-0 (38) Szabo,G (2552)-Antal,G (2526) Hungary 2011} Qg4 {
[%cal Rg4e2]} 21. f3 Qe6 22. Nxa8 Qxe3 $19) 12... Be6 (12... Bc8 13. Nb3 b6 14.
c4 cxd4 15. exd4 e6 16. f4 Bb7 17. Qe2 Qd7 18. Rfe1 Nb4 $13 {0-1 (40)
Temirbayev,S (2490)-Riazantsev,A (2632) Salekhard 2006}) 13. Nb3 (13. Qe2 Rc8
14. Rfd1 Qb6 15. Ndc4 Qa6 16. Bf1 {0-1 (55) Lemos,D (2553)-Caruana,F (2721)
Caleta 2011} cxd4 17. cxd4 Rfd8 $132) 13... cxd4 14. cxd4 b6 $11 (14... Nd7
$143 15. Rf2 Bd5 16. e4 Bxb3 {1/2 (16) Manninen,M (2375)-Hellers,F (2560)
Haernoesand 1994} 17. axb3 $14)) (11... Qb6 12. Nb3 (12. Nac4 Qa6 13. d5 b5 14.
Na3 {1/2 (14) Nogueiras Santiago,J (2557)-Garcia Martinez,S (2378) Las Tunas
2001}) 12... Rfd8 13. Qe2 cxd4 14. cxd4 Be4 (14... e5 15. d5 Nb4 16. Nc4 Qa6
17. e4 Rac8 18. exf5 Qxc4 19. Qxc4 Rxc4 20. Na5 Rc2 21. Bxe5 $14 {1/2 (40)
Ibrayev,N (2407)-Negi,P (2600) New Delhi 2009}) 15. Rfd1 Na5 16. Nxa5 Qxa5 17.
Qb5 Qxb5 18. Nxb5 Bxg2 19. Kxg2 a6 20. Nc3 b5 $11 {0-1 (56) Nguyen Dang Hong,P
(1857)-Mu,K (2274) Ho Chi Minh City 2013}) (11... Rc8 $5 {The most logical
move: it is useful in any case, and the exact arrangement of Black's pieces
can be defined later.} 12. Qe2 (12. e4 Bg4 13. f3 cxd4 $1 14. fxg4 (14. cxd4
Be6 15. Nb3 Ne8 16. e5 $8 b6 $15) 14... Nxg4 $1 15. Qxg4 dxc3 16. Bxc3 Bxc3 17.
Rad1 Bxd2 $19 {0-1 (28) Radulov,I (2265)-Bassel,C (2070) Sunny Beach 2013}) (
12. Re1 cxd4 (12... Bg4 13. f3 Be6 14. Nb3 {1/2 (14) Drasko,M (2478)-Piscopo,P
(2373) Amantea 2011}) 13. cxd4 Nb4 $1 14. e4 Nd3 15. exf5 Nxb2 16. Qb3 Ng4 $1)
12... cxd4 13. cxd4 Nb4 $5 (13... e5 14. d5 Na5 15. e4 $14 {1/2 (55) Maiorov,N
(2481)-Shomoev,A (2528) St Petersburg 2006}) 14. e4 Bg4 $13) 12. e4 Bg4 13. f3
cxd4 $6 {With Black's queen on c8 - a very strange decision. White will now
develop his rook to c1 with a great effect.} (13... Bh3 14. d5 {was a lesser
evil, albeit hardly pleasant for Black.}) 14. cxd4 Bh3 15. Rc1 Bxg2 16. Kxg2
Qd8 {So, Black has just lost two tempi.} (16... e6 {[%cal Yc8d7] was
relatively better.}) 17. Nb3 Nb4 18. Nc2 Nxc2 19. Rxc2 Rc8 20. Qe2 {White
kindly returns half of Black's gift.} (20. d5 $1 {looks strong. If} Qd7 {then}
21. Nc5 Qb5 22. Qc1 $1 {seizing the c-file.}) 20... Rxc2 21. Qxc2 Qd7 22. Rc1
$6 (22. Nc5 $142 Qc7 (22... Qc6 23. d5 Qc7 24. Rc1 Rc8 25. Qa4) (22... Qb5 23.
Rb1) 23. Qa4 $36) 22... Bh6 23. f4 Qa4 $1 {Black has obtained counterplay but
not fully equalised as his h6-bishop is not well placed.} 24. Rd1 (24. Re1 $142
$1 {[%cal Yd4d5] overprotecting the e4-pawn, e.g.} Qd7 (24... e6 $2 25. d5) 25.
Nc5 Rc8 $1 26. Qe2 $14) 24... Qd7 ({Here} 24... e6 $1 {led to full equality,
also after} 25. d5 Qxe4+ 26. Qxe4 Nxe4 27. dxe6 fxe6) 25. Qe2 $14 {[%cal Yd4d5]
} Rc8 26. d5 Bg7 27. Rd2 Qa4 28. Nd4 {White sacrifices a pawn to weaken
Black's position. However, the following exchanges simplify the game too much.}
(28. Bxf6 $142 $1 Bxf6 29. e5 Bg7 30. Nd4 $14) 28... Qxa2 (28... Ne8 $5 $13)
29. Nf5 $5 gxf5 30. Bxf6 Qa3 31. Bxg7 Kxg7 32. e5 $44 Rd8 33. d6 Qb4 34. Kh3
exd6 $6 {Missing a tactical trick.} (34... Rd7 $142 $11) 35. Qh5 $1 Rd7 $4 {
[%mdl 8192] This definitely loses due to the invasion of White's rook along
the c-file.} (35... Qxd2 $2 36. Qg5+ Kh8 37. Qxd8+ Kg7 38. Qf6+ Kg8 39. exd6
$18 {[%csl Gd6][%cal Yf6e7,Yd6d7]}) (35... h6 $8 36. Qxf5 Qxd2 37. Qf6+ Kg8 38.
Qxd8+ Kh7 39. exd6 Qe2 40. Qe7 Qh5+ 41. Kg2 Qd5+ {. The absence of the f5-pawn
favours Black in this line; still, White retains winning chances, e.g. in the
pawn ending after} 42. Kf2 Qc5+ 43. Kf3 Kg7 44. Qe5+ Qxe5 45. fxe5 Kf8 {
, which leads to another queen endgame:} 46. Ke4 (46. g4 $143 a5 47. Ke4 a4 48.
Kd3 Ke8 49. h4 Kd7 {[%cal Yf7f6]} 50. h5 f6 51. Kc3 b5 52. Kb4 Ke6 53. Ka3 Kd7
$11 {- neither side can make progress}) 46... a5 47. Kf5 a4 48. Kf6 Ke8 49. d7+
Kxd7 50. Kxf7 a3 51. e6+ Kc7 52. e7 a2 53. e8=Q a1=Q $14) 36. Qg5+ Kf8 37. Rc2
$1 $18 Re7 38. Qf6 Re8 39. exd6 Kg8 40. d7 1-0

[Event "EU-ch 6th"]
[Site "Warsaw"]
[Date "2005.06.30"]
[Round "12"]
[White "Kozul, Zdenko"]
[Black "Iljin, Artem"]
[Result "0-1"]
[WhiteElo "2591"]
[BlackElo "2484"]
[Annotator "Krasenkow,M"]
[PlyCount "84"]
[EventDate "2005.06.18"]
[EventType "swiss"]
[EventRounds "13"]
[EventCountry "POL"]
[SourceTitle "CBM 108"]
[Source "ChessBase"]
[SourceDate "2005.09.26"]
[SourceVersion "1"]
[SourceVersionDate "2005.09.26"]
[SourceQuality "1"]

1. Nf3 Nf6 2. g3 g6 3. d4 Bg7 4. Bg2 O-O 5. c4 d5 6. O-O dxc4 7. Na3 c3 8. bxc3
c5 9. e3 Nc6 10. Qe2 Qa5 (10... Bf5 {is the more accurate move order.} 11. Rd1
Qa5 12. Bb2) 11. Bb2 Bf5 12. Rfd1 {White transposes to a familiar position. He
had some other options, e.g.} (12. Rfc1 {or}) (12. Nd2 {. In the latter case,
incidentally, Black can play in a manner similar to the game:} Bg4 13. f3 Be6
14. Rfb1 Rfd8 15. Nb3 Bxb3 16. axb3 cxd4 17. cxd4 Rac8 18. f4 Nd5 19. Kh1 e6
20. Nc4 Qb5 $11 {1/2-1/2 Bu Xiangzhi-Zhang Pengxiang/Tiayuan 2005/CBM 108 (27)}
) 12... Rfd8 (12... Be4 {is premature as the bishop will be pushed out of the
centre:} 13. Bf1 (13. c4 a6 14. Nb1 Bxb1 15. Raxb1 e6 16. Ba1 Rab8 17. Ne5 Qc7
18. Nxc6 bxc6 19. dxc5 Qe7 20. Rxb8 Rxb8 21. Be5 Rc8 22. Qb2 Ne8 23. Bxg7 Nxg7
24. Qb6 Nf5 25. Bxc6 Qc7 26. Bb7 Qxb6 27. cxb6 {1-0 Antunes,A-Paunovic,D/
Mondariz 1994/EXT 98}) (13. Nd2 Bxg2 14. Nb3 Qb6 15. Kxg2 cxd4 16. cxd4 Na5 17.
Nc5 Qc6+ 18. Qf3 (18. Kg1 $5 b6 19. Nd3 {Ftacnik}) 18... b6 $6 (18... Rfc8 {
Ftacnik}) 19. Qxc6 Nxc6 20. Na6 $14 {1-0 Georgiev,K-Svidler,P/Las Vegas 1999/
CBM 072/[Ftacnik] (46)}) 13... Rfd8 (13... cxd4 14. cxd4 Rac8 15. Nd2 Nb4 16.
Nxe4 Nxe4 17. Nc4 Qa4 18. a3 Nd5 19. Qd3 f5 20. Rac1 $14 {1-0 Rasmussen,
R-Keatinge Clay,A/Budapest 2000/CBM 077 ext (25)}) 14. Nd2 cxd4 15. exd4 Bf5
16. Nb3 Qc7 17. c4 e6 18. Bg2 $36 {1-0 Manninen,M-Yrjola,J/Tampere 1991/EXT 99
(40)}) (12... cxd4 13. exd4 Rac8 14. Nc4 Qa6 15. Bf1 Be6 (15... Nd5 16. a4 Na5
17. Nxa5 Qxa5 18. c4 Nb6 19. Nd2 Rfd8 20. Qe3 $14 {1/2-1/2 Kuljasevic,
D-Szeberenyi,A/Hengelo 2002/CBM 089 ext (34)}) 16. Ne3 Qxe2 17. Bxe2 Na5 18. d5
Bg4 19. Ba3 Bxf3 20. Bxf3 Rfe8 21. Bb4 Nc4 22. Nxc4 Rxc4 23. Re1 Rc7 24. Rac1
Bf8 25. c4 $14 {1-0 Horvath,P-Mitter,G/Feffernitz 2000/EXT 2001 (33)}) 13. Nd2
{[%cal Rd2b3] A typical manoeuvre.} (13. Nc4 Qa6 14. Bf1 cxd4 15. cxd4 (15.
exd4 $5 Nd5 16. a4 Nb6 17. Ne3 Qxe2 18. Bxe2 Na5 19. c4 Be6 20. c5 Nd5 $13 {
1-0 Matnadze,A-Gasanov,E/Moscow 2004/EXT 2005 (46)}) 15... Rac8 16. Qe1 Qa4 17.
Nce5 Ne4 18. Nxc6 Rxc6 19. Bd3 Rb6 20. Qe2 Nd6 $11 {1/2-1/2 Jirovsky,
P-Froehlich,P/Prague 1991/EXT 97 (30)}) 13... cxd4 (13... Bg4 {is less
accurate:} 14. f3 Be6 15. Nb3 Bxb3 16. axb3 Qb6 {Black has no b4 square -
that's important!} 17. Qb5 $6 (17. Qc2 Na5 (17... cxd4 18. cxd4 Nd5 19. Nc4 Qc7
20. Qf2 $16) 18. b4 $1 cxb4 19. cxb4 Nc6 (19... Qxb4 $2 20. Bc3 Qb6 21. Rdb1
Qa6 22. Bxa5 Qxa5 23. Nb5 Qb6 24. Nc7 $18) 20. b5 $14 {Kaidanov}) 17... Nd5 18.
Qxb6 axb6 19. Nc2 cxd4 20. exd4 Rxa1 21. Bxa1 Ra8 22. f4 e6 $11 {0-1 Zaichik,
G-Kaidanov,G/Seattle 2003/CBM 093 (45)}) 14. cxd4 Bg4 $1 {An important move,
forcing f2-f3 to shut up White's g2 bishop.} 15. f3 Be6 16. Nb3 (16. Nac4 $6
Qa4 17. Rdc1 Rac8 18. Bf1 b5 19. Na3 a6 20. Nab1 Nd5 21. Nb3 Nxd4 $1 22. exd4
Rxc1 23. Nxc1 Bxd4+ 24. Kh1 Ne3 $40 {0-1 Ortega Hermida,D-Fernandez Garcia,J/
Seville 2004/CBM 101 ext (43)}) 16... Bxb3 17. axb3 {So, White has a pair of
bishops. However, they (and especially the b2 bishop) are quite passive.} Nd5 (
17... Qb4 $5 18. Rd3 (18. Qc4 Nd5 19. Nc2 Qb6 20. f4 e6 21. Qd3 Rac8 22. Rac1
Na5 23. Na1 Nb4 $36 {1/2-1/2 Kuljasevic,D-Jukic,B/Medulin 2002/CBM 090 ext (39)
}) 18... Rac8 19. Nc4 Qb5 20. e4 (20. f4 $142 Nd5 {Smirin}) 20... Nd7 21. Rad1
Nb6 22. Bh3 Rc7 23. Nxb6 Qxb6 $15 {[%csl Rd4] 0-1 Karpov,A-Smirin,I/Moscow
2002/CBM 091}) 18. f4 Nc3 $6 {Not a good idea - to trade a blockading knight
for a passive bishop.} (18... e6 $142 {Karpov}) 19. Bxc3 Qxc3 20. Rab1 {
White starts playing very passively.} (20. Nc4 $142 Qb4 (20... Rac8 21. d5 Nb4
22. Rxa7 Qxb3 23. Na5 Rc2 24. Nxb3 Rxe2 25. Rxb7 Nc2 26. Rxe7 Nxe3 27. Bf3 $14)
21. Bxc6 bxc6 22. Na5 Rac8 23. Qc4 Qb6 24. b4 Rc7 25. Rac1 Rdc8 26. Qb3 $14 {
1/2-1/2 Podgaets,M-Lerner,K/Moscow 2002/CBM 088}) 20... Rac8 21. Nc4 e6 22. Nd2
$6 (22. Ne5) 22... Qb4 23. Kf1 Ne7 24. Rdc1 b5 25. Bb7 Rxc1+ 26. Rxc1 a5 {
The a-pawn becomes formidable.} 27. Rc5 $6 Nf5 28. Rxb5 $6 {I think White
realized that he was losing material after this but he simply didn't know what
to do.} (28. Rc7 a4 29. bxa4 bxa4 30. Nc4 a3 $19) 28... Nxe3+ $1 29. Kf2 Qxd4
30. Nf3 {Perhaps White hoped for an endgame after} (30. Qxe3 {but then
realized that Black had a better option:} Qb2 $1 {[%cal Rd8d2,Rg7d4]} (30...
Qxd2+ $143) 31. Ke2 Bc3 32. Bd5 exd5 $19 {[%csl Re2][%cal Rd5d4]}) 30... Ng4+ (
30... Nd1+ $1 31. Kg2 Qa7 $19 {[%cal Ce2a2,Ca2a5,Rd1c3] was even simpler.}) 31.
Kg2 Qc3 $19 {Black has an extra pawn, White's king is poor and his b5 rook is
out of play.} 32. Ba6 e5 $5 33. fxe5 (33. Kh3 $5 {didn't help:} Ne3 (33... e4
$5 34. Ng5 Ne3 35. Nxe4 Qd4) 34. fxe5 (34. Nxe5 Rd2 35. Rb8+ Bf8 36. Qf3 Qc2 $1
$19) 34... h6 $19 {[%cal Ce2e1,Ce1c3,Yg6g5]}) 33... Nxe5 $1 34. Nxe5 (34. Rxe5
Bxe5 35. Qxe5 Rd2+ $19) 34... Rd2 35. Rb8+ Bf8 36. Re8 Kg7 37. Kh3 Rxe2 38.
Bxe2 Qe3 39. Bb5 Qxb3 40. Bc4 Qa4 41. Bxf7 Qa3 42. Kh4 Be7+ 0-1